000 00549nam a22001937a 4500
008 151013b xxu||||| |||| 00| 0 eng d
020 _a0672312859
041 0 _aeng
080 _a004.42
100 1 _aCalvert, Charles.
245 1 0 _aCharlie Calvert's Delphi 4 unleashed
_cCharlie Calvert.
246 1 0 _aDelphi 4 unleashed
250 _a1st ed.
260 _a[Indianapolis, Ind.] :
_bSams,
_c1999.
300 _a1152 f.:
_bme il.;
_c24 cm.
650 0 _aDelphi (Computer file)
650 0 _aProgramim
942 _2udc
_cBK
999 _c1268
_d1268